Pepega quiz Harry Potter - Statystyki

Ogólne statystyki
  • Ten quiz został rozwiązany 759 razy
  • Średni wynik to 10 z 15
Statystyki odpowiedzi
Hint Odpowiedź % Poprawnych
Ja nazywano osobę ktorej rodzice nie byli czarodziejami? Mugol
94%
Gdzie znajdował się sklep braci Weasley(chodzi o ulicę) pokątna
87%
Jak nazywał się pająk którym opiekował się Hagrid? Aragog
83%
W którym roku w kinach pojawił się pierwszy film Harry Potter i Kamień Filozoficzny? 2001
81%
Jakie imiona nosili bliźniacy Weasley Fred i George
81%
Na pierwszym spotkaniu Klubu Pojedynków Draco Malfoy przywołał jakie zwierzę zaklęciem „Serpensortia”? Wąż
76%
Jak nazywało się zakazane zaklęcie, którego Hermiona Granger nie chciała wypowiedzieć na zajęciach z obrony przed czarną magią? Avada Kedavra
73%
Jak nazywał się skrzat domowy rodziny Blacków? Stworek
72%
Jakiego koloru sukienkę miala na sobie Hermiona na balu? różowa
71%
Kto był na randce Hermiony na Balu Bożonarodzeniowym? Wiktor Krum
71%
Kto udaje Szalonookiego Moody'ego, profesora Obrony przed Czarną Magią na czwartym roku Harry'ego? Barty Crouch Junior
68%
Jak nazywał sie aktor grający rolę Harrego Pottera? Daniel Radcliffe
65%
Pod jaką postacią był Patronus należący do Luny Lovegood królik
58%
Jak brzmiało zaklęcie ktorego prof. McGonagall użyła na początku ataku Voldemorta na Hogward? Piertotum Locomotor
19%
Kto uratował centaura przed uduszeniem przez profesor Umbridge w Zakazanym Lesie? Grawp
6%
Nie znaleziono quizów pasujących do podanych kryteriów
Rozkład punktacji
Procent ludzi z każdym wynikiem
Percentyl według liczby udzielonych odpowiedzi
Twoja historia wyników
Nie rozwiązałeś tego quizu